Plans to overhaul secondary school buildings (Record no. 72163)

MARC details
000 -LEADER
fixed length control field 00752cam a2200181 4500
001 - CONTROL NUMBER
control field WB3908-02
008 - FIXED-LENGTH DATA ELEMENTS--GENERAL INFORMATION
fixed length control field 030226n2003 000 0 eng u
035 ## - SYSTEM CONTROL NUMBER
System control number (Sirsi) u121440
245 ## - TITLE STATEMENT
Title Plans to overhaul secondary school buildings
260 ## - PUBLICATION, DISTRIBUTION, ETC.
Date of publication, distribution, etc. 2003
490 ## - SERIES STATEMENT
Series statement DfES Press Notice
Volume/sequential designation (2003/0026) 26 February 2003 (3)
520 ## - SUMMARY, ETC.
Summary, etc. Department for Education and Skills has announced a major overhaul of the capital spending programme on secondary school buildings. The proposals cover investment of £5.1bn for 2005-2006 to bring these buildings up to standard. http://www.dfes.gov.uk/pns/DisplayPN.cgi?pn_id=2003_0026
590 ## - LOCAL NOTE (RLIN)
Local note WB
650 ## - SUBJECT ADDED ENTRY--TOPICAL TERM
Topical term or geographic name entry element SCHOOLS
650 ## - SUBJECT ADDED ENTRY--TOPICAL TERM
Topical term or geographic name entry element CAPITAL SPENDING PROGRAMME
690 ## - LOCAL SUBJECT ADDED ENTRY--TOPICAL TERM (OCLC, RLIN)
Topical term or geographic name as entry element BUILT ENVIRONMENT
942 ## - ADDED ENTRY ELEMENTS (KOHA)
Suppress in OPAC 0
Holdings
Withdrawn status Lost status Source of classification or shelving scheme Damaged status Not for loan Home library Current library Shelving location Date acquired Total Checkouts Full call number Barcode Date last seen Copy number Price effective from Koha item type
    Dewey Decimal Classification     London London News article 26/02/2003   WB3908-02 121440-1001 06/08/2019 1 06/08/2019 News article